00704nam a22002297a 450000500170000001000130001702000230003003500130005303700160006604000120008208200170009424500920011126000440020327000520024730000280029950000200032765000310034765000270037870000200040570000250042570000240045020170124105958.0 aA-895431 c200.00a8170249155 aA-895431 bCen Lib/Ret aDPLbEN a301.153bETE aEternal gandhi /cedited by Narayan Hazary, SubasChandra Hazary [and] Amreshwar Mishra  aNew Delhi bAPH Publishing House c1998 bNew Delhi a5, ansari road, dariya ganje110002 axxxiii, 357p.c21cm(Hb) aIncludes index  aRural development zIndia  aIndustrial revolution  aHazary, Narayan aHazary, SubasChandra aMishra, Amreshwar